|
|
|
|
| LEADER |
00000cam a2200000 7i4500 |
| 001 |
0000038708 |
| 005 |
20080527093000.0 |
| 008 |
021119s1999 enk eng |
| 020 |
|
|
|a 0415188474
|
| 090 |
0 |
0 |
|a H62
|b .W66 1999
|
| 100 |
1 |
|
|a Woods, Peter ,
|d 1934- ,
|e author
|
| 245 |
1 |
0 |
|a Successful writing for qualitative researchers
|c Peter Woods
|
| 260 |
2 |
|
|a London ; New York :
|b Routledge ,
|c 1999
|
| 300 |
|
|
|a x, 158 p. ;
|c 24 cm.
|
| 504 |
|
|
|a Includes bibliographical references (p. 143-152) and index
|
| 650 |
|
0 |
|a Report writing
|
| 650 |
|
0 |
|a Social sciences
|x Research
|
| 999 |
|
|
|a 1000084852
|b Book
|c OPEN SHELF (30 DAYS)
|e Gong Badak Campus
|